000 01040cam a22003137a 4500
003 CHAP
005 20220329141602.0
008 971013s1961 r 00010 d
010 _a70552
011 _a71524
035 _a81078
040 _cCHAP
090 _aFolleto 1718
100 0 0 _aBaldovinos de la Peña, Gabriel.
_99668
245 0 _aPrincipios sobre investigación y enseñanza agrícola superior
260 _aChapingo, Méx. :
_bENA. Colegio de Postgraduados,
_c1961
300 _a67 h.
590 _aBATCH-UPD
_b10
_c20130110
_lUCH01
_h2017
590 _aBATCH-UPD
_b10
_c20130410
_lUCH01
_h1335
590 _aBATCH-UPD
_b10
_c20130914
_lUCH01
_h0531
590 _aBATCH-UPD
_b10
_c20140805
_lUCH01
_h1146
590 _aCONVERSION
_b10
_c20130109
_lUCH01
_h1339
650 1 4 _aAgricultura
_xInvestigación.
_91577
650 1 4 _aEducación agrícola
_zMéxico.
_935552
901 _aBK
942 _cFOLL
949 _aFolleto 1718
_bBC
_cFOLL
_d-34240
_eTS2
_fc.2
_i81078
_si
949 _aFolleto 1718
_bBC
_cUACH
_d-34239
_eUACH
_i81078
_si
999 _c70552
_d70552